000
00260nam a2200109Ia 4500
008
190216s9999||||xx |||||||||||||| ||und||
100
_a
Narayana Pillai P K
245
0
_a
Malayalam-Kavithraya Vani
260
_b
Nbs Kottayam
650
_a
Malayalam
942
_c
BK
999
_c
25393
_d
25393